Music Quiz

Random Music or Rock Quiz

Proud Mary Lyrics Quiz Stats

 Plays Quiz not verified by Sporcle

Challenge
Share
Tweet
Embed
Score 0/148 Timer 06:00
0 Plays Today
% Correct
the
99.1%
the
99.1%
the
99.1%
the
99.1%
the
99.1%
the
99.1%
the
98.9%
the
98.9%
the
98.9%
the
98.9%
a
98.4%
on
98.4%
on
98.4%
on
98.4%
on
98.4%
on
98.4%
on
98.4%
on
98.4%
on
98.4%
on
98.4%
on
98.4%
on
98.4%
a
98.2%
a
98.1%
a
98.1%
a
98.1%
rollin'
97%
rollin'
97%
rollin'
97%
river
97%
river
97%
rollin'
97%
rollin'
97%
rollin'
97%
rollin'
97%
rollin'
97%
rollin'
97%
river
96.9%
river
96.9%
river
96.9%
river
96.9%
keep
96.8%
keep
96.8%
keep
96.8%
keep
96.8%
keep
96.8%
keep
96.8%
I
96.6%
I
96.6%
I
96.6%
% Correct
Mary
96.3%
Mary
96.3%
Mary
96.3%
Proud
96.1%
Proud
96.1%
Proud
96.1%
in
95.7%
in
95.7%
in
95.7%
and
94.9%
and
94.9%
city
93.4%
city
93.4%
for
93.2%
turnin'
92%
turnin'
92%
turnin'
92%
every
91.9%
night
91.7%
day
91.7%
man
91.1%
job
90.5%
workin'
90.3%
wheel
90.1%
wheel
90.1%
wheel
90.1%
Big
88.9%
Big
88.9%
Big
88.9%
burnin'
88.6%
burnin'
88.6%
burnin'
88.6%
of
88.2%
of
88.2%
of
88.2%
of
88.2%
good
88%
good
88%
never
86.7%
never
86.7%
Left
83.1%
have
79.9%
have
79.2%
have
79%
to
74.4%
to
74.4%
to
74.3%
minute
74%
been
72%
down
71.6%
% Correct
down
71.6%
boat
71%
things
70.2%
might
70.1%
saw
69.4%
one
69.1%
side
69.1%
lost
68.9%
New
68.6%
way
67.8%
but
67.4%
worry
67.4%
Orleans
66.8%
about
66%
you
64.1%
you
64.1%
you
64%
you
64%
queen
63.6%
Memphis
62.1%
ride
61.2%
no
58.7%
til
58.2%
people
58.2%
people
58.1%
are
57.9%
If
57.4%
worryin'
56%
lot
55.6%
hitched
55.6%
lot
55.5%
sleepin'
54.8%
give
54%
don't
53.9%
happy
52.6%
money
50.3%
who
46.7%
some
43.3%
find
42.2%
live
40.9%
plates
39.9%
gonna
39%
bet
38.2%
come
37.9%
Cleaned
37.1%
pumped
36.4%
cause
30.6%
'pane
16.8%

You're not logged in!

Compare scores with friends on all Sporcle quizzes.
OR
Log In

You Might Also Like...

Show Comments

Extras

Top Quizzes Today


Score Distribution

Your Account Isn't Verified!

In order to create a playlist on Sporcle, you need to verify the email address you used during registration. Go to your Sporcle Settings to finish the process.

Report this User

Report this user for behavior that violates our Community Guidelines.

Details: